000
00313nam a2200109Ia 4500
008
221009s9999 xx 000 0 und d
082
_a
954
100
_a
Grover Amrita,Chaudhary D.R. Anju grover,Dua Dr.J.C
_9
67049
245
0
_a
Mughal lano Revenue Apparatus
260
_b
Collected works of professor
942
_c
BK
999
_c
64929
_d
64929